<?xml version="1.0" encoding="UTF-8"?>
<record
    xmlns:xsi="http://www.w3.org/2001/XMLSchema-instance"
    xsi:schemaLocation="http://www.loc.gov/MARC21/slim http://www.loc.gov/standards/marcxml/schema/MARC21slim.xsd"
    xmlns="http://www.loc.gov/MARC21/slim">

  <leader>00671nam a2200181 i 4500</leader>
  <controlfield tag="001">bg</controlfield>
  <datafield tag="245" ind1=" " ind2="0">
    <subfield code="a">Budowa i eksploatacja maszyn w przemy&#x15B;le spo&#x17C;ywczym :</subfield>
    <subfield code="b">VI Konferencja Naukowo-Techniczna : Gda&#x144;sk, 23-24 wrze&#x15B;nia 1993. T.2.</subfield>
  </datafield>
  <datafield tag="260" ind1=" " ind2=" ">
    <subfield code="a">Gda&#x144;sk :</subfield>
    <subfield code="b">Stowarzyszenie In&#x17C;ynier&#xF3;w i Technik&#xF3;w Mechanik&#xF3;w Polskich,</subfield>
    <subfield code="c">1993.</subfield>
  </datafield>
  <datafield tag="300" ind1=" " ind2=" ">
    <subfield code="a">S.355-690 :</subfield>
    <subfield code="b">rys., wykr. ;</subfield>
    <subfield code="c">21 cm.</subfield>
  </datafield>
  <datafield tag="650" ind1=" " ind2="9">
    <subfield code="a">Przemys&#x142; rolno-spo&#x17C;ywczy</subfield>
    <subfield code="x">narz&#x119;dzia i maszyny</subfield>
  </datafield>
  <datafield tag="650" ind1=" " ind2="9">
    <subfield code="a">Maszyny</subfield>
    <subfield code="x">budowa i eksploatacja</subfield>
  </datafield>
  <datafield tag="655" ind1=" " ind2=" ">
    <subfield code="a">Materia&#x142;y konferencyjne</subfield>
  </datafield>
  <datafield tag="040" ind1=" " ind2=" ">
    <subfield code="c">BPK</subfield>
  </datafield>
  <datafield tag="041" ind1="0" ind2=" ">
    <subfield code="a">pl</subfield>
  </datafield>
  <datafield tag="080" ind1=" " ind2=" ">
    <subfield code="a">631+664]:621.01.004](061.3)</subfield>
  </datafield>
  <datafield tag="942" ind1=" " ind2=" ">
    <subfield code="c">KS</subfield>
  </datafield>
  <controlfield tag="008">      s        pl     f     |000 0 pol  </controlfield>
  <datafield tag="999" ind1=" " ind2=" ">
    <subfield code="c">30861</subfield>
    <subfield code="d">30861</subfield>
  </datafield>
  <datafield tag="856" ind1=" " ind2=" ">
    <subfield code="u">http://koha.tu.koszalin.pl/cgi-bin/koha/opac-detail.pl?biblionumber=30861</subfield>
    <subfield code="y">Katalog online BPK</subfield>
  </datafield>
  <datafield tag="952" ind1=" " ind2=" ">
    <subfield code="0">0</subfield>
    <subfield code="1">0</subfield>
    <subfield code="4">0</subfield>
    <subfield code="7">0</subfield>
    <subfield code="a">BPK</subfield>
    <subfield code="b">BPK</subfield>
    <subfield code="c">w</subfield>
    <subfield code="o">37781</subfield>
    <subfield code="p">09105683</subfield>
    <subfield code="s">2016-03-04</subfield>
    <subfield code="y">KS</subfield>
  </datafield>
</record>
